Sports Quiz

Random Sports Quiz

Name all the real madrid players Quiz Stats

 Plays Quiz not verified by Sporcle

Score 0/26 Timer 06:00
0 Plays Today
% Correct
cristiano ronaldo
93.3%
gareth bale
91.7%
sergio ramos
88.3%
pepe
86.7%
toni kroos
80%
Marcelo
61.7%
isco
55%
Keylor Navas
53.3%
Casemiro
53.3%
benzema
36.7%
Danilo
23.3%
Kiko Casilla
21.7%
Arbeloa
20%
% Correct
Dani Carvajal
18.3%
Nacho
18.3%
Marco Asensio
18.3%
Luka Modrić
15%
Mateo Kovačić
8.3%
Lucas Silva
8.3%
Álvaro Morata
6.7%
Fábio Coentrão
6.7%
Jesé
6.7%
Raphaël Varane
6.7%
Lucas Vázquez
3.3%
James Rodríguez
1.7%
Rubén Yáñez
1.7%

You're not logged in!

Compare scores with friends on all Sporcle quizzes.
OR
Log In

Sporcle TV

Today on Sporcle TV


Watch our educational content, quiz creation guides, and fun videos on Sporcle TV.

Show Comments

Extras

Created Jul 20, 2016ReportNominate
Tags:madrid, player

Top Quizzes Today


Score Distribution

Your Account Isn't Verified!

In order to create a playlist on Sporcle, you need to verify the email address you used during registration. Go to your Sporcle Settings to finish the process.

Report this User

Report this user for behavior that violates our Community Guidelines.

Details: